000
00281nam a22001217a 4500
008
180926b xxu||||| |||| 00| 0 eng d
041
_a
eng
080
_a
912
100
_a
42
101
_a
Geo
245
_a
People On Erath A world Geography
_c
Drummond.d
942
_2
udc
_c
BK
999
_c
48463
_d
48463